|
|
|
|
| LEADER |
00000naa2a2200000 4500 |
| 001 |
151381 |
| 005 |
20240110094158.0 |
| 035 |
|
|
|a (RuTPU)RU\TPU\book\164125
|
| 090 |
|
|
|a 151381
|
| 100 |
|
|
|a 20090122d2008 k y0rusy50 ca
|
| 101 |
0 |
|
|a rus
|
| 102 |
|
|
|a RU
|
| 200 |
1 |
|
|a Разработка системы визуализации экспериментальных данных пульта управления ТОКАМАКА КТМ
|f А. А. Мезенцев, К. И. Байструков, А. В. Шарнин
|g науч. рук. В. М. Павлов
|
| 320 |
|
|
|a Библиогр.: 5 назв.
|
| 461 |
|
1 |
|0 (RuTPU)RU\TPU\book\156858
|t Современные техника и технологии
|o 14 Международная научно-практическая конференция студентов, аспирантов и молодых ученых, г. Томск, 24-28 марта 2008 г.
|o труды
|o в 3 т.
|f Томский политехнический университет (ТПУ)
|d 2008
|
| 463 |
|
1 |
|0 (RuTPU)RU\TPU\book\158716
|t Т. 2
|v С. 346-347
|d 2008
|p 434 с.
|
| 610 |
1 |
|
|a визуализация
|
| 610 |
1 |
|
|a системы визуализации
|
| 610 |
1 |
|
|a термоядерный синтез
|
| 610 |
1 |
|
|a термоядерные реакторы
|
| 610 |
1 |
|
|a автоматизированные системы управления
|
| 610 |
1 |
|
|a ТОКАМАКИ КТМ
|
| 610 |
1 |
|
|a АСУ КТМ
|
| 610 |
1 |
|
|a программно-технические комплексы
|
| 610 |
1 |
|
|a труды учёных ТПУ
|
| 700 |
|
1 |
|a Мезенцев
|b А. А.
|c специалист в области автоматики и электроники
|c доцент Томского политехнического университета, кандидат технических наук
|f 1984-
|g Антон Алексеевич
|3 (RuTPU)RU\TPU\pers\25736
|9 11638
|
| 701 |
|
1 |
|a Байструков
|b К. И.
|c физик
|c старший преподаватель Томского политехнического университета
|f 1966-
|g Константин Иванович
|3 (RuTPU)RU\TPU\pers\27825
|
| 701 |
|
1 |
|a Шарнин
|b А. В.
|c специалист в области электроники и автоматики физических установок
|c младший научный сотрудник Томского политехнического университета
|f 1976-
|g Александр Викторович
|3 (RuTPU)RU\TPU\pers\25743
|
| 702 |
|
1 |
|a Павлов
|b В. М.
|4 727
|
| 801 |
|
1 |
|a RU
|b 63413507
|c 20090122
|g PSBO
|
| 801 |
|
2 |
|a RU
|b 63413507
|c 20160627
|g RCR
|
| 942 |
|
|
|c BK
|